000 00301nam a22001337a 4500
008 170616b xxu||||| |||| 00| 0 eng d
020 _a2900205585952
041 _aeng
080 _28TH
_a327
100 _a20
101 _aSHP
245 _aINTERNATIONAL RELATIONS
_cGOLDSTEIN,J.S
942 _2udc
_cBK
999 _c17821
_d17821